000 01009nam a2200217 4500
005 20260213152600.0
008 260213b |||||||| |||| 00| 0 eng d
020 _a9789387462090 (hbk)
037 _cTB
040 _aCRL
_cCRL
041 _2hin
_ahin
084 _aNW44w48 152Q8
_qCRL
100 _aवाजपेयी, उदयन
_91115620
245 _aभव्यता का रंगकर्म:
_bरतन थियाम से उदयन वाजपेयी का संवाद
260 _aनई दिल्ली, भारत:
_bराजकमल प्रकाशन,
_c2018.
300 _a126पृ.
650 _aललित कला
_91115621
650 _asinemaa
_91115622
942 _2CC
_n0
_cTB
_hNW44w48 152Q8
999 _c1679557
_d1679557